Odklad platenia dane a povolenie splátok s príkladmi
Novelizácia zákona o správe daní a poplatkov č. 511/1992 Zb. zákonom č. 609/2003 Z.z. s účinnosťou od 1. 1. 2004.
Saved in:
| Main Author: | |
|---|---|
| Format: | Book Chapter |
| Language: | Slovak |
| Subjects: | |
| Tags: |
No Tags, Be the first to tag this record!
|
MARC
| LEADER | 00000naa$a2200000$$$4500 | ||
|---|---|---|---|
| 001 | 0006739 | ||
| 005 | 20231106065733.0 | ||
| 041 | 0 | |a slo | |
| 044 | |a SK | ||
| 245 | 1 | 0 | |a Odklad platenia dane a povolenie splátok s príkladmi |c aut. Marcela Beňová |
| 520 | |a Novelizácia zákona o správe daní a poplatkov č. 511/1992 Zb. zákonom č. 609/2003 Z.z. s účinnosťou od 1. 1. 2004. | ||
| 610 | 2 | 0 | |a správa daňová |
| 610 | 2 | 0 | |a poplatky |
| 610 | 2 | 0 | |a zákony |
| 610 | 2 | 0 | |a novelizácia |
| 610 | 2 | 0 | |a Slovensko |
| 610 | 2 | 0 | |a 2003 |
| 100 | 1 | |a Beňová, Marcela | |